Rainberry - ZAYN (All Lyrics) - Statistics

General Stats
  • This quiz has been taken 3 times
  • The average score is 173 of 263
Answer Stats
Hint Answer % Correct
a
100%
but
100%
But
100%
do
100%
else
100%
x2 else,
100%
eyes
100%
far
100%
hands,
100%
I
100%
lips
100%
me
100%
missed?
100%
my
100%
No,
100%
now?
100%
now
100%
peace
100%
please
100%
[Bridge] | [Verse 1] | x2 Rainberry,
100%
[Chorus] Rainberry
100%
sleep?
100%
somebody
100%
sure
100%
Tell
100%
what
100%
You
100%
you
100%
already
50%
are
50%
before
50%
blood
50%
bones
50%
break
50%
can't
50%
'cause
50%
change
50%
closet
50%
deep
50%
don't
50%
Don't
50%
[Verse 2] Dry
50%
even
50%
Falling
50%
get
50%
go
50%
Go
50%
going
50%
heart
50%
heavy?
50%
How
50%
I'm
50%
in
50%
inside
50%
Is
50%
it
50%
it,
50%
knees,
50%
know
50%
let
50%
many
50%
mean
50%
minute
50%
never
50%
of
50%
x2 oh
50%
on
50%
Ooh
50%
past
50%
red
50%
Said,
50%
start,
50%
the
50%
there
50%
they
50%
think
50%
this
50%
thought
50%
time
50%
[Pre-Chorus] Too
50%
too
50%
truth
50%
wash
50%
what's
50%
Why
50%
won't
50%
work
50%
worry
50%
your
50%
ain't
0%
and
0%
buried
0%
down
0%
dried
0%
drown
0%
mine,
0%
shit
0%
stories
0%
Those
0%
yours
0%
No matching quizzes found
Score Distribution
Percent of People with Each Score
Percentile by Number Answered
Your Score History
You have not taken this quiz